| 000 | 004220000a22001690004500 | ||
|---|---|---|---|
| 003 | MACL | ||
| 005 | 20151023141912.0 | ||
| 008 | 151023b xxu||||| |||| 00| 0 eng d | ||
| 040 |
_aMACL _cMACL |
||
| 041 | _aEnglish | ||
| 082 | _a954 | ||
| 245 |
_aIn Search of Indian's Renaissance _bVol 1 |
||
| 260 |
_bCentre For Research in Rural _c1990 _aNew Delhi |
||
| 350 | _a175 | ||
| 650 |
_aHistory _916416 |
||
| 942 |
_cBK _k954 _2ddc |
||
| 999 |
_c8953 _d8953 |
||